Villes de Bretagne de plus de 10 000 habitants - Statistiques

Statistiques générales
  • Ce quiz a été pris 165 fois
  • Le résultat moyen est 22 sur 39
Statistiques - réponses
Département Ville Population % Correct
35 Rennes 225081
100%
29 Brest 139619
99%
56 Lorient 57846
98%
29 Quimper 63642
97%
56 Vannes 54420
96%
35 Saint-Malo 47323
93%
22 Saint-Brieuc 44224
92%
22 Dinan 14675
81%
29 Concarneau 20607
79%
35 Fougères 20653
79%
29 Morlaix 14903
78%
22 Lannion 20344
76%
56 Pontivy 14774
71%
35 Dinard 10219
70%
29 Quimperlé 12313
66%
35 Vitré 18998
66%
29 Landerneau 16206
65%
56 Lanester 23026
65%
35 Bruz 19651
57%
35 Cesson-Sévigné 17716
57%
29 Douarnenez 14163
55%
56 Auray 14222
50%
56 Hennebont 15746
48%
56 Ploemeur 18591
47%
29 Guipavas 15460
45%
22 Lamballe-Armor 16845
34%
35 Betton 12695
33%
35 Pacé 11918
33%
35 Saint-Jacques-de-la-Lande 13656
33%
35 Chantepie 10232
30%
29 Plougastel-Daoulas 13445
28%
35 Châteaugiron 10518
25%
29 Fouesnant 10098
25%
22 Plérin 14704
24%
56 Saint-Avé 11927
24%
29 Plouzané 13473
23%
22 Ploufragan 11369
22%
29 Le Relecq-Kerhuon 11791
20%
56 Guidel 11947
18%
Aucun quiz correspondant
Distribution des résultats
% des personnes avec chaque résultat
Percentile par nombre de réponses
Votre historique - résultats
Vous n’avez pas pris ce quiz